La política social un enfoque de derecho /
Bewaard in:
| Hoofdauteur: | |
|---|---|
| Andere auteurs: | , , |
| Formaat: | Texto |
| Taal: | Spanish |
| Onderwerpen: | |
| Tags: |
Voeg label toe
Geen labels, Wees de eerste die dit record labelt!
|
MARC
| LEADER | 00000 a a2200000 04500 | ||
|---|---|---|---|
| 001 | 7392 | ||
| 003 | cru IIS | ||
| 005 | 20220817112350.0 | ||
| 008 | 220817b |||||||| |||| 00| 0 spa d | ||
| 040 | |c cru IIS | ||
| 100 | 1 | |a Güendell González, Ludwig |9 3365 | |
| 245 | |a La política social un enfoque de derecho / |c Ludwig Guendel, Mauricio González, Fernando Carrera y Rodolfo Osorio | ||
| 300 | |a 15-24 | ||
| 650 | 0 | |a DERECHO |9 5350 | |
| 650 | 0 | |a POLITICA |9 3691 | |
| 650 | 0 | |a EMPLEO |9 288 | |
| 700 | 1 | |9 10690 |a González, Mauricio | |
| 700 | 1 | |9 10691 |a Carrera, Fernando | |
| 700 | 1 | |9 9149 |a Osorio Ponce, Rodolfo | |
| 773 | |g número 10; páginas 34-63 | ||
| 773 | 0 | |0 44502 |9 7733 |a Fundación Friedrich Ebert |o 23667 |t Espacios | |
| 942 | |2 ddc |c LI | ||
| 999 | |c 44503 |d 44503 | ||
